00307nam a2200109Ia 4500008004100000082000800041100001300049245001900062942000600081952009500087999001500182240331s9999 xx 000 0 und d bTHA aThapar,R 0aCultural Pasts cL 001040708LaWERCLbWERCLcSSCd2024-03-31l0o 934 THAp6651r2024-03-31w2024-03-31yL c5661d5661